| 000 | 00981nam a22003017a 4500 | ||
|---|---|---|---|
| 003 | CHAP | ||
| 005 | 20220329134734.0 | ||
| 008 | 971013s1971 r 00010 d | ||
| 010 | _a25067 | ||
| 011 | _a26039 | ||
| 035 | _a30139 | ||
| 040 | _cCHAP | ||
| 082 |
_a333.09861 _bH3 |
||
| 100 | 0 | 0 |
_aHaney, Emil B., Jr. _952522 |
| 245 | _aPossibilities for the economic reorganization of minifundia in a highland region of Colombia | ||
| 260 |
_aMadison, Wis. : _bLand Tenure Center, _c1971 |
||
| 300 | _a143 p. | ||
| 490 |
_aResearch paper _v; 43 |
||
| 590 |
_aBATCH-UPD _b10 _c20130110 _lUCH01 _h0021 |
||
| 590 |
_aBATCH-UPD _b10 _c20130110 _lUCH01 _h2232 |
||
| 590 |
_aCONVERSION _b10 _c20130109 _lUCH01 _h1315 |
||
| 650 | 1 | 4 |
_aTierras _xTenencia _xColombia. _9113153 |
| 830 | 0 |
_aResearch paper _v; 43 _996073 |
|
| 901 | _aBK | ||
| 942 | _cLIBRO | ||
| 949 |
_a333.09861 H3 _bBC _cBPA _d-69654 _eBPA _h34464 _i30139 _si |
||
| 949 |
_a333.09861 H3 _bBC _cBPA _d-69655 _eBPA _fc.2 _h34465 _i30139 _si |
||
| 999 |
_c25067 _d25067 |
||